Real or Fake? Get Out(2017) Letterboxd Reviews - Statistics

General Stats
  • This quiz has been taken 22 times
  • The average score is 5 of 25
Answers on the Grid
Answers color-coded by a green-red scale on the quiz's grid according to % correct below.
"If you wanna get crazy, we can get crazy.." I LOVE IT!

I feel like sometimes Jordan Peele is plagued by terrible nightmares and wakes up like "Man if I gotta go through that bullshit, y'all gotta go through it too."
....................


People like this film?
A core memory for me will always be the theater reaction to hearing, “I’m TS… MUTHAFUCKIN A… we handle shit.” Crowd erupted, 15 year old me included, into cheers like the World Cup final.
after countless rewatches i have finally settled on the fact that this film is Not Good and that’s okay
and this is why we should all listen to our friends when they tell us something sounds sketchy
Andrew Garfield did great in this movie
can't believe that I
had this rated at a
3.5, and I'm possibly
still underrating it
a bit; benefits greatly
from repeat viewings.
damn, white people be so scary 😨
so glad they dont exist irl 😇
do you know who tyler the creator is
Finally, a TSA agent who gives a fuck.
he shoulda just getted out
he’s a child of divorce give him a break
I could watch this movie a thousand more times and still love it
I don’t think there will ever be a time where Daniel Kaluuya doesn’t blow me away
i haven't been able to look at tea cups the same way ever since i first watched this movie
I only talk to people who love this movie.
i still fully believe that this is one of the greatest horror films ever made and nobody will ever change my mind
i would cut off my own foot to watch this for the first time again
i'll never drink tea after this
I'm TS motherfuckin' A. We handle shit.
man as soon he was at the doorstep of that house i already felt sick, jesus christ, White People are fucking terrifying
Never ever trust someone that uses Bing
OH this is NOT something they made .... THIS is some professional like !!!!
One of the most satisfying endings to a movie ever. Jordan Peele is a genius 🙏
that “i would’ve voted for obama a third term if i could” line literally triggers my ptsd for every political discussion at school where i was the only black person
the best horror movie of 2019, hands down
the first two times I watched this I didn’t even bat an eye cause I was too caught up in the risky business but now I’ve noticed it I have to ask: how the fuck were they video chatting through an old tv ? that is every indie kid’s dream jordan peele please market this contraption
the highlight of this was finding out where the "the evil is defeated" meme came from
the last 30 minutes were so intense literally all my muscles were clenched... i was paralyzed with fear and i still haven't regained the ability to move... jordan peele just made an attempt on my life and im so grateful
the most psychopathic thing in this whole movie is that everyone uses bing for some reason
the scariest part of the movie is the girl eating her cereal and milk separately. fucking psychopath.
This would never happen to me cuz I'm both ugly and unlovable.
WHAT MOVIE DID YOU PEOPLE WATCH
when they're in the kitchen and they say that they keep a piece of the mother in there and IT SHOWS GEORGINA?

POETIC CINEMA
White people scare me.
why did i watch this in the shower
you know when you’re watching a film and you can just tell the entire cast and crew came together and gave their absolute all yeah this film is a prime example of that the sheer TALENT on display here from everyone involved is truly outstanding!!!
you'll never believe this, but this movie is still very good the second time around
“CHRIS! C’MON CHRIS! OH MY GOD. CHRIS, GET OUT!” – my mum watching get out for the first time
… I mean, I told you not to go in that house
 
Answer Stats
Answer % Correct
the scariest part of the movie is the girl eating her cereal and milk separately. fucking psychopath.
50%
damn, white people be so scary 😨
so glad they dont exist irl 😇
33%
i'll never drink tea after this
33%
that “i would’ve voted for obama a third term if i could” line literally triggers my ptsd for every political discussion at school where i was the only black person
33%
White people scare me.
33%
“CHRIS! C’MON CHRIS! OH MY GOD. CHRIS, GET OUT!” – my mum watching get out for the first time
25%
he shoulda just getted out
25%
man as soon he was at the doorstep of that house i already felt sick, jesus christ, White People are fucking terrifying
25%
Never ever trust someone that uses Bing
25%
One of the most satisfying endings to a movie ever. Jordan Peele is a genius 🙏
25%
the last 30 minutes were so intense literally all my muscles were clenched... i was paralyzed with fear and i still haven't regained the ability to move... jordan peele just made an attempt on my life and im so grateful
25%
when they're in the kitchen and they say that they keep a piece of the mother in there and IT SHOWS GEORGINA?

POETIC CINEMA
25%
A core memory for me will always be the theater reaction to hearing, “I’m TS… MUTHAFUCKIN A… we handle shit.” Crowd erupted, 15 year old me included, into cheers like the World Cup final.
17%
and this is why we should all listen to our friends when they tell us something sounds sketchy
17%
can't believe that I
had this rated at a
3.5, and I'm possibly
still underrating it
a bit; benefits greatly
from repeat viewings.
17%
Finally, a TSA agent who gives a fuck.
17%
… I mean, I told you not to go in that house
17%
I'm TS motherfuckin' A. We handle shit.
17%
the first two times I watched this I didn’t even bat an eye cause I was too caught up in the risky business but now I’ve noticed it I have to ask: how the fuck were they video chatting through an old tv ? that is every indie kid’s dream jordan peele please market this contraption
17%
i haven't been able to look at tea cups the same way ever since i first watched this movie
8%
i still fully believe that this is one of the greatest horror films ever made and nobody will ever change my mind
8%
the most psychopathic thing in this whole movie is that everyone uses bing for some reason
8%
This would never happen to me cuz I'm both ugly and unlovable.
8%
OH this is NOT something they made .... THIS is some professional like !!!!
0%
you'll never believe this, but this movie is still very good the second time around
0%
No matching quizzes found
Score Distribution
Percent of People with Each Score
Percentile by Number Answered
Your Score History
You have not taken this quiz